00823cam a22002291 45000010008000000030004000080050017000120080041000290100017000700350019000870400027001060420012001330500015001450820014001601000032001742450071002062600065002773000019003425000148003616500025005097100059005347293639OSt20181211165357.0771101s1912 xx 000 0 eng  a 12010659  a(OCoLC)3384965 aDLCcMoSpEdOCoLCdDLC apremarc00aBT77b.E82 a230bE92G1 aEvans, William,d1870-1950.14aThe great doctrines of the Bible. Section two.cby William Evans. aChicago,bThe Bible institute colportage associationc[1912] a275 p.c24 cm. aThe first chapter of this book: "The doctrine of God" (p. 1-48) was issued in 1911 with title "The great doctrines of the Bible. Section one." 0aTheology, Doctrinal.2 aBible Institute Colportage Association (Chicago, Ill.)